| 000 | 00353cam a2200145ua 4500 | ||
|---|---|---|---|
| 041 |
_aeng _h |
||
| 082 |
_a823.308 _bMOR/AD |
||
| 100 | _aMorier, James . | ||
| 245 |
_aAdventures of Hajji Baba of Ispahan / _cJames Morier. _hTextual Documents |
||
| 260 |
_a : _bOxford , _c1969. |
||
| 300 | _a424 ; . | ||
| 504 | _a | ||
| 942 | _cBK | ||
| 999 |
_c2833 _d2833 |
||